000
00293nam a2200121Ia 4500
005
20251222144847.0
008
251222s9999||||xx |||||||||||||| ||spa||
082
_a
242.4/M26
100
_a
Marmion, Don Columba
245
0
_a
Sufriendo con Cristo
264
_b
DescleƩ De Brouwer
942
_c
LIB
999
_c
21467
_d
21467